000 00409nam a2200157Ia 4500
003 IQ-KOUCL
041 _aKurdish
082 _a891,41 cut-229 ب
100 _a20260118u\\\\\\\\\\\y0engy0103\\\\ba
100 _aرەهبەر سەید برایم
245 0 _aمەشخەڵان
250 _aچ1
260 _bجابخابەى کارۆ
_aسلیمانى - العراق
_c2009
300 _a160
942 _cBk
999 _c186764
_d186764